Online Public Access Catalog -OPAC
Normal view MARC view

Entry Personal Name

Number of records used in: 1

001 - CONTROL NUMBER

  • control field: 11213

003 - CONTROL NUMBER IDENTIFIER

  • control field: OSt0

005 - DATE AND TIME OF LATEST TRANSACTION

  • control field: 20251030112847.0

008 - FIXED-LENGTH DATA ELEMENTS

  • fixed length control field: 251030|| aca||aabn | a|a 0

040 ## - CATALOGING SOURCE

  • Original cataloging agency: \a NG-ZaABU

050 ## - LIBRARY OF CONGRESS CALL NUMBER

  • Classification number: \a QK 644.5 Ibr
  • Item number: \b 519782

100 ## - HEADING--PERSONAL NAME

  • Personal name: \a Ibrahim, Ramatu

Customized by ICT Technical Service Unit on 29th Dec 2022

Kashim Ibrahim Library